|
|
|
|
| LEADER |
00000naa2a2200000 4500 |
| 001 |
194763 |
| 005 |
20231222115213.0 |
| 035 |
|
|
|a (RuTPU)RU\TPU\book\212439
|
| 090 |
|
|
|a 194763
|
| 100 |
|
|
|a 20110422d2009 k y0rusy50 ca
|
| 101 |
0 |
|
|a rus
|
| 102 |
|
|
|a RU
|
| 200 |
1 |
|
|a Химическое травление титана
|f А. С. Крикуненко, О. А. Лелюк, Л. А. Леонова
|
| 320 |
|
|
|a Библиогр.: 2 назв.
|
| 463 |
|
0 |
|0 (RuTPU)RU\TPU\book\72093
|t Новые материалы. Создание, структура, свойства-2009
|o всероссийская конференция с элементами научной школы для молодежи, Томск, 8-11 сентября 2009 г.
|o труды
|f Томский политехнический университет (ТПУ)
|v С. 129-131
|d 2009
|p 308 с.
|
| 610 |
1 |
|
|a титан
|
| 610 |
1 |
|
|a травление
|
| 610 |
1 |
|
|a травители
|
| 610 |
1 |
|
|a фосфорная кислота
|
| 610 |
1 |
|
|a формулы
|
| 610 |
1 |
|
|a образцы
|
| 610 |
1 |
|
|a труды учёных ТПУ
|
| 700 |
|
1 |
|a Крикуненко
|b А. С.
|c студент каф. химической технологии редких, рассеянных и радиоактивных элементов (ХТРЭ) ФТФ, ТПУ
|f 1986-
|g Анна Сергеевна
|3 (RuTPU)RU\TPU\pers\25857
|
| 701 |
|
1 |
|a Лелюк
|b О. А.
|g Ольга Анатольевна
|
| 701 |
|
1 |
|a Леонова
|b Л. А.
|c химик-технолог
|c доцент Томского политехнического университета, кандидат технических наук
|c девичья фамилия Филатова
|f 1983-
|g Лилия Александровна
|3 (RuTPU)RU\TPU\pers\25860
|9 11728
|
| 801 |
|
1 |
|a RU
|b 63413507
|c 20110422
|
| 801 |
|
2 |
|a RU
|b 63413507
|c 20171215
|g RCR
|
| 942 |
|
|
|c BK
|